V jornada de direito civil / (Record no. 1498)
[ view plain ]
| 000 -LÍDER | |
|---|---|
| Campo Fixo de Controle | 00993nam a2200301 a 4500 |
| 001 - NÚMERO DE CONTROLE | |
| Campo de Controle | 1498 |
| 003 - IDENTIFICAÇÃO DO NÚMERO DE CONTROLE | |
| Campo de Controle | BR-CuiBMT |
| 005 - DATA E HORA DA ÚLTIMA ATUALIZAÇÃO | |
| Campo de Controle | 20231212194659.0 |
| 008 - DADOS FIXOS | |
| Dados Fixos | 231211s2012 dfb 101 0 por d |
| 020 ## - INTERNATIONAL STANDARD BOOK NUMBER | |
| Nº do ISBN | 9788585572952 |
| 040 ## - AGÊNCIA CATALOGADORA | |
| Código da Agência Catalogadora | BR-CuiBMT |
| Agência que transcreveu o registro | BR-CuiBMT |
| 080 ## - Nº DA CLASSIFICAÇÃO DECIMAL UNIVERSAL | |
| Nº Class. CDU | 347 |
| Nº edição CDU | 2007 |
| 090 ## - NÚMERO DE CHAMADA | |
| Nº classificação | 347 |
| Cutter | J82i |
| 111 10 - ENTRADA PRINCIPAL -- EVENTO | |
| Nome do evento ou lugar | Jornada de Direito Civil |
| Número da parte/seção do evento | (5. : |
| Data da realização do evento | 2011 : |
| Local de realização do evento | Brasília, DF) |
| 245 10 - TÍTULO PRINCIPAL | |
| Título principal | V jornada de direito civil / |
| 246 ## - FORMAS VARIANTES DO TÍTULO | |
| Título principal | Quinta Jornada de Direito Civil. |
| 260 ## - PUBLICAÇÃO, DISTRIBUIÇÃO, ETC. | |
| Local de publicação | Brasília : |
| Editora | Cento de Estudos Judiciários, |
| Data | 2012. |
| 300 ## - DESCRIÇÃO FÍSICA | |
| N. páginas ou volumes | 388 p.: |
| Dimensões | 30 cm |
| 504 ## - NOTA DE BIBLIOGRAFIA, ETC. | |
| Nota de bibliografia | Inclui bibliografia e índice. |
| 650 ## - ASSUNTO TÓPICO | |
| Cabeçalho tópico ou nome geográfico | Direito Civil |
| Subdivisão geográfica | Brasil |
| Subdivisão de forma | Congressos |
| 650 ## - ASSUNTO TÓPICO | |
| Cabeçalho tópico ou nome geográfico | Direito das obrigações |
| Subdivisão geográfica | Brasil |
| 650 ## - ASSUNTO TÓPICO | |
| Cabeçalho tópico ou nome geográfico | Responsabilidade civil |
| Subdivisão geográfica | Brasil |
| 650 ## - ASSUNTO TÓPICO | |
| Cabeçalho tópico ou nome geográfico | Direito de empresa |
| Subdivisão geográfica | Brasil |
| 650 ## - ASSUNTO TÓPICO | |
| Cabeçalho tópico ou nome geográfico | Direito de família |
| Subdivisão geográfica | Brasil |
| 650 ## - ASSUNTO TÓPICO | |
| Cabeçalho tópico ou nome geográfico | Sucessões (direito) |
| Subdivisão geográfica | Brasil |
| 710 ## - ENTRADA SECUNDÁRIA -- ENTIDADE | |
| Nome da entidade ou lugar | Conselho da Justiça Federal (Brasil) |
| Unidade subordinada | Centro de Estudos Judiciários |
| 942 ## - ELEMENTOS DE ENTRADA ADICIONAIS (KOHA) | |
| Fonte de classificação ou esquema de arquivamento | Classificação Decimal Universal |
| Tipo de item do Koha | Livros |
| Estado: removido | Estado: perdido | Fonte de classificação ou esquema de arquivamento | Estado: danificado | Indisponível para empréstimo | Localização permanente | Localização atual | Data de aquisição | Total Checkouts | Número de Chamada completo | Código de barras | Date last seen | Número do exemplar | Preço efetivo a partir de | Tipo de item (Koha) |
|---|---|---|---|---|---|---|---|---|---|---|---|---|---|---|
| Classificação Decimal Universal | Biblioteca da Escola Superior de Contas do TCE/MT | Biblioteca da Escola Superior de Contas do TCE/MT | 13/07/2012 | 347 J82i | BIBTCEMT23120403 | 12/12/2023 | Ex. 1 | 12/12/2023 | Livros |